Corporate Information Strategy and Management (Record no. 6078)

MARC details
005 - DATE AND TIME OF LATEST TRANSACTION
control field 20250628150539.0
020 ## - INTERNATIONAL STANDARD BOOK NUMBER
International Standard Book Number 007224566655
082 ## - DEWEY DECIMAL CLASSIFICATION NUMBER
Classification number 648.4'038'011
245 ## - TITLE STATEMENT
Title Corporate Information Strategy and Management
260 ## - PUBLICATION, DISTRIBUTION, ETC.
Place of publication, distribution, etc. New York.
Name of publisher, distributor, etc. Mc Graw Hill,
Date of publication, distribution, etc. 2003.
300 ## - PHYSICAL DESCRIPTION
Extent x,307p.
Other physical details Index.
Dimensions 24cm.
700 ## - ADDED ENTRY--PERSONAL NAME
Other authors/Editors AUSTIN,R. & MCFARLAN,W.
942 ## - ADDED ENTRY ELEMENTS (KOHA)
Source of classification or shelving scheme Dewey Decimal Classification
Koha item type Books
Holdings
Date last seen Total checkouts Full call number Barcode Cost, replacement price Price effective from Koha item type Lost status Source of classification or shelving scheme Damaged status Not for loan Withdrawn status Home library Current library Shelving location Date acquired Source of acquisition Cost, normal purchase price
06/28/2025   648.4'038'011 APP DOM00001281 90000.00 06/28/2025 Books   Dewey Decimal Classification       CBE Dodoma CBE Dodoma General Collection 01/07/2005 Library budget 30000.00